Normal view MARC view
  • DANDIYA, P.C AND OTHERS

Entry Personal Name

Number of records used in: 1

001 - CONTROL NUMBER

  • control field: 7263

003 - CONTROL NUMBER IDENTIFIER

  • control field: OSt

005 - DATE AND TIME OF LATEST TRANSACTION

  • control field: 20220226125207.0

008 - FIXED-LENGTH DATA ELEMENTS

  • fixed length control field: 220226|| aca||aabn | a|a d

040 ## - CATALOGING SOURCE

  • Original cataloging agency: OSt
  • Transcribing agency: OSt

100 ## - HEADING--PERSONAL NAME

  • Personal name: DANDIYA, P.C AND OTHERS

670 ## - SOURCE DATA FOUND

  • Source citation: Work cat.: (OSt): DANDIYA, P.C AND OTHERS, HEALTH EDUCATION AND COMMUNITY PHARMACY, 2012